Los sueños /

Francisco de Quevedo y Villegas (1580-1645) escritor español. Cultivó con abundancia tanto la prosa como la poesía, fue una de las figuras más complejas e importantes del Siglo de Oro español. Su poesía es amorosa de corte petrarquista en la que se le da importancia al sentimiento. Se conservan de é...

Ausführliche Beschreibung

Gespeichert in:
Bibliographische Detailangaben
1. Verfasser: Quevedo y Villegas, Francisco de (autor)
Format: Buch
Sprache:Französisch
Schriftenreihe:(Biblioteca Sopena ; 43)
Schlagworte:
Tags: Tag hinzufügen
Keine Tags, Fügen Sie das erste Tag hinzu!

MARC

LEADER 00000nam^a2200000^a^4500
001 000391454
005 20250526000000.0
009 20260310121215.66
037 |a Acervo ITESO - Biblioteca 
041 |a FRA 
082 |a 867.  |b QUE 
100 |a Quevedo y Villegas, Francisco de  |e (autor) 
240 1 1 |a [Sueños] 
245 1 4 |a Los sueños /  |c F. de Quevedo y Villegas. 
264 |a Barcelona, España :  |b Ramón Sopena,  |c copyright fecha no identificada 
300 |a 266 p. ;  |c 18.0 cm. 
336 |a texto  |b txt  |2 rdacontenido 
337 |a sin mediación  |b n  |2 rdamedio 
338 |a volumen  |b nc  |2 rdasoporte 
440 1 |a (Biblioteca Sopena ;  |v 43) 
520 |a Francisco de Quevedo y Villegas (1580-1645) escritor español. Cultivó con abundancia tanto la prosa como la poesía, fue una de las figuras más complejas e importantes del Siglo de Oro español. Su poesía es amorosa de corte petrarquista en la que se le da importancia al sentimiento. Se conservan de él casi 900 poemas publicados algunos en El parnaso español (1648), por su editor Jusepe González de Salas y el resto en Las tres musas últimas castellanas (1670), por su sobrino Pedro Alderete. De su prosa podemos citar: de índole satírico La vida del Buscón llamado don Pablos (1604), obra muy investigada por los críticos que tiene la estructura de la novela picaresca; Sueños, que fueron publicados por partes; escritos políticos España defendida (1606); Política de Dios y gobierno de Cristo; autobiográficas Vida de Marco Bruto (1630-31); filosóficas y ascéticas La cuna y la sepultura y Virtud militante; y en teatro algunas comedias. 
649 |a XX 
650 |a Sátira Española 
650 |a Humor -  |z España 
650 |a Literatura Española -  |y Siglo XVII 
650 |a Literatura Española -  |y Epoca Clásica, 1500-1700 
910 |a Fondo General 
920 |a Impresos - Libros 
930 |a Libros Antiguos y Raros 
940 |a Literatura 
905 |a 108 
901 |a 0500286069  |b IT2  |c LRA  |u 20250526 
902 |a https://opac.biblio.iteso.mx/vufind/Record/000391454